BIOLOGY FOR ENGINEERS (Record no. 25848)
[ view plain ]
| 000 -LEADER | |
|---|---|
| fixed length control field | 00314nam a22001457a 4500 |
| 003 - CONTROL NUMBER IDENTIFIER | |
| control field | SGT |
| 020 ## - INTERNATIONAL STANDARD BOOK NUMBER | |
| International Standard Book Number | 9780199498741 |
| 082 ## - DEWEY DECIMAL CLASSIFICATION NUMBER | |
| Classification number | 620,SUR |
| 100 ## - MAIN ENTRY--PERSONAL NAME | |
| Personal name | SURASH KUMAR,G.K. |
| 245 ## - TITLE STATEMENT | |
| Title | BIOLOGY FOR ENGINEERS |
| 250 ## - EDITION STATEMENT | |
| Edition statement | 2ND |
| 260 ## - PUBLICATION, DISTRIBUTION, ETC. (IMPRINT) | |
| Place of publication, distribution, etc | INDIA |
| Name of publisher, distributor, etc | OXFORD HIGHER EDUCATION |
| 300 ## - PAGE DESCRIPTION | |
| No. of Pages | 2023 |
| 942 ## - ADDED ENTRY ELEMENTS (KOHA) | |
| Source of classification or shelving scheme | Dewey Decimal Classification |
| Koha item type | Books |
| 942 ## - ADDED ENTRY ELEMENTS (KOHA) | |
| -- | 5 |
| Withdrawn status | Lost status | Source of classification or shelving scheme | Damaged status | Use restrictions | Not for loan | Collection code | Home library | Current library | Shelving location | Date acquired | Vendor Name | Cost, normal purchase price | SGTU | Bill Number | Full call number | Accession No. (Barcode) | Date last seen | Bill Date | Koha item type | Total Checkouts | Date last borrowed |
|---|---|---|---|---|---|---|---|---|---|---|---|---|---|---|---|---|---|---|---|---|---|
| Dewey Decimal Classification | Restricted Access | ENGINEERING | SGT Engineering Library | SGT Engineering Library | Text Book | 06/04/2024 | SAVERA BOOK DISTRIBUTORS | 495.00 | SGTU | IN23-24/CRB/987 | 620,SUR | FE8998 | 06/04/2024 | 18/03/2024 | Books | ||||||
| Dewey Decimal Classification | ENGINEERING | SGT Engineering Library | SGT Engineering Library | Text Book | 06/04/2024 | SAVERA BOOK DISTRIBUTORS | 495.00 | SGTU | IN23-24/CRB/987 | 620,SUR | FE8999 | 07/12/2024 | 18/03/2024 | Books | 5 | 07/12/2024 |